000 00328nam a2200145Ia 4500
008 100415s9999 xx 000 0 und d
082 _b7492
_a595.44
100 _aCrompton John
245 _aThe Spider
260 _aLONDON
_c1950
_bCOLLINS
365 _b0
630 _aThe Spider
730 _aThe Spider
942 _cBOOK
999 _c590445
_d590442